000 00453nam a2200193Ia 4500
008 221030s9999 xx 000 0 und d
020 _a8178084481
041 _aEnglish
082 _a105.23
_bHor
100 _aV. Horne
245 0 _aFundamentals Of Financial Management
250 _a11th
260 _bPearson Education
_aDelhi
_c2003
300 _a743
650 _aMCA Management
700 _aC. James
700 _aWachowicz
942 _cBK
999 _c1256
_d1256